Statistiques concernant Pays où les américains déménagent le plus

Cliquez ici pour prendre le quiz!

Statistiques générales

  • Ce quiz a été pris 144 fois
  • Le résultat moyen est 12 sur 15

Statistiques - réponses

TopPays% Correct
6France
99%
1Canada
97%
9Espagne
95%
3Royaume-Uni
95%
2Mexique
94%
7Japon
91%
10Italie
90%
8Chine
89%
4Allemagne
87%
5Australie
86%
15Suède
65%
12Nouvelle-Zélande
64%
14Pays-Bas
64%
13Irlande
63%
11Costa Rica
19%

Distribution des résultats

Percentile par nombre de réponses

% des personnes avec chaque résultat

Votre développement - résultats

Vous n’avez pas pris ce quiz